01821cam a2200337 a 45000010005000000030006000050050017000110080041000280100017000690200015000860400023001010420009001240500021001330820020001541000021001742450146001952500012003412600034003533000045003875200607004325210019010395210014010586500063010726500058011357000035011938560094012288560086013229060045014089420015014539990015014681802FISKH20231002142532.0990816s2000 caua j b 000 0ceng  a 99006840  a0152008071 aDLCcDLCdDLCbeng alcac00aHQ1236b.K8 200000a320/.082aB2211 aKrull, Kathleen.10aLives of extraordinary women :brulers, rebels (and what the neighbors thought) /cwritten by Kathleen Krull ; illustrated by Kathryn Hewitt. a1st ed. aSan Diego :bHarcourt,c2000. a96 pages :bcolor illutrations ;c26 cm. aNot all governments have been run by men. Lives of Extraordinary Women turns the spotlight on women who have wielded power, revealing their feats--and flaws--for all the world to see. Here you'll find twenty of the most influential women in history: queens, warriors, prime ministers, first ladies, revolutionary leaders. Some are revered. Others are notorious. What were they really like? In this grand addition to their highly praised series, Kathleen Krull and Kathryn Hewitt celebrate some of the world's most noteworthy women, ranging from the famous to those whose stories have rarely been told. 8 a1150 bLexile 8 bRaz-Plus  0aWomenxPolitical activityvBiographyvJuvenile literature. 0aWomen heads of statevBiographyvJuvenile literature.1 aHewitt, Kathryn,eillustrator 423Contributor biographical informationuhttp://www.loc.gov/catdir/bios/har051/99006840.html423Publisher descriptionuhttp://www.loc.gov/catdir/description/har021/99006840.html a7bcbccorignewd1eecipf19gy-gencatlg 2ddccBKn0 c1802d1802